000 00801nam a2200229 u 4500
005 20250621063844.0
008 100628s2008 r 000 0 eng d
020 _a9789706992086
035 _aUPN01000177011
049 _aCG
050 4 _aQ175.5
_bP7.2
100 1 _aPreston, Diana
245 1 0 _aAntes de Hiroshima :
_bde Marie Curie a la bomba atómica /
_cDiana Preston ; tr. Victoria Ordóñez.
260 _aMéxico :
_bTusquets,
_c2008.
300 _a457 p. :
_bil.
440 0 _aTiempo de memoria ;
_v67.
_pHistoria
534 _pTraducción de:
_tBefore the fall-out. From Marie Curie to Hiroshima
650 2 _aCiencia
_xAspectos sociales
_99875
650 2 _aCiencia -
_xAspectos morales y éticos
_97834
650 4 _aBOMBA ATOMICA -
_xASPECTOS MORALES Y ETICOS
_917169
905 _aLibro
999 _c149114
_d149114